01113nam a22002417a 45000010005000000030006000050050017000110080041000280200015000690400029000840500016001130820008001291000021001372450080001582600047002383000061002855050008003465200405003545210020007595210020007796500036007997000036008359837FISKH20260304100758.0260304b cb ||||| |||| 00| 0 eng d a1551430029 aFISKHbengcFISKHdFISKH aPZ10 .M5785 a769 aMiles , Victoria aSea otter pup / cwritten by Victoria Miles : illustrated by Elizabeth Gatt aVictoria :bOrca Book Publishers , c1993. a24 unnumbered pages : bcolor illustrations ; c18 bm .  aK  aFollow along as Pup learns how to eat spiky sea urchins, somersault beneath the waves and groom himself. He still needs lots of help from Mother, but one day Pup will be old enough to dive down below the waves and search for food on his own Accompanied by beautiful illustrations and set in the North Pacific, this heartwarming tale is perfect for little ones who still have lots to learn themselves.8 a510 bLexiel 8 aK bRaz-Plus  aSea ottervJuvenile Literature  aGatt , Elizabeth eIllustrator